Hamilton Lyrics Sort #2 - Aaron Burr, Sir - Statistics

General Stats
  • This quiz has been taken 63 times
  • The average score is 39 of 62
Answer Stats
Hint Answer % Correct
Line 1 1776
90%
Line 5 Oh, sure, sir
90%
Line 3 Pardon me, are you Aaron Burr, sir?
90%
Line 4 That depends, who's asking?
90%
Line 7 I have been looking for you
87%
Line 6 I'm Alexander Hamilton, I'm at your service sir
87%
Line 12 I may have punched him, it's a blur sit
87%
Line 8 I'm getting nervous
87%
Line 10 I was seeking an accelerated course of study
87%
Line 9 Sir, I heard your name at Princeton
87%
Line 11 When I got sort of out of sorts with a buddy of yours
87%
Line 14 You punched the bursar?
83%
Line 13 He handles the financials?
80%
Line 2 New York City
80%
Line 16 Graduate in two, then join the revolution
70%
Line 17 He looked at me like I was stupid, I'm not stupid
70%
Line 23 Can I buy you a drink?
67%
Line 21 I'm an orphan, God, I wish there was a war
67%
Line 19 It was my parents' dying wish before they passed
67%
Line 18 So how'd you do it? How'd you graduate so fast?
67%
Line 24 That would be nice
67%
Line 22 Then we could prove we're worth more than anyone bargained for
67%
Line 20 You're an orphan? Of course!
67%
Line 25 While we're talking, let me offer you some free advice
63%
Line 15 Yes! I wanted to do what you did
63%
Line 28 Smile more
60%
Line 30 Don't let them know what you're against or what you're for
57%
Line 34 Fools who run their mouths off wind up dead
57%
Line 26 Talk less
57%
Line 31 You can't be serious
57%
Line 32 You wanna get ahead?
57%
Line 56 Aaron Burr. give us a verse, drop some knowledge
53%
Line 44 Ay, oui, oui, mon ami, je m'appelle Lafayette
53%
Line 41 Ay, two pints o' Sam Adams, but I'm working on three ha!)
53%
Line 48 Brrah, Brrah! I am Hercules Mulligan, up in it, lovin' it
53%
Line 59 Burr, the revolution's imminent, what do you stall for?
53%
Line 43 Cause I will pop-chick-a-pop these cops 'til I'm free!
53%
Line 57 Good luck with that, you're takin' a stand
53%
Line 46 I came from afar just to say "Bonsoir"
53%
Line 60 If you stand for nothing, Burr, what'll you fall for?
53%
Line 40 I'm John Laurens in the place to be (whoo!)
53%
Line 54 Let's raise a couple more to the revolution
53%
Line 50 Lock up ya daughters and horses
53%
Line 53 No more sex, pour me another brew, son
53%
Line 51 Of course, it's hard to have intercourse
53%
Line 62 Ooh, who is this kid? What's he gonna do?
53%
Line 61 Ooh, who you? Who you? Who are you?
53%
Line 52 Over four sets of corsets (wow)
53%
Line 47 Tell the King, "Casse toi!" Who's the best? C'est moi!
53%
Line 45 The Lancelot of the revolutionary set
53%
Line 42 Those redcoats don't want it with me
53%
Line 55 Well, if it ain't the prodigy of Princeton College
53%
Line 33 Yes
53%
Line 49 Yes, I heard your mother said, "Come again?" (Ay)
53%
Line 58 You spit, I'ma sit, we'll see where we land (boo)
53%
Line 35 Ah-yuh-yo, yo-yo-yo, yo!
50%
Line 38 Like I said
50%
Line 39 Showtime! Showtime! Yo!
50%
Line 36 What time is it?
50%
Line 29 Ha
43%
Line 37 Showtime!
43%
Line 27 What?
43%
No matching quizzes found
Score Distribution
Percent of People with Each Score
Percentile by Number Answered
Your Score History
You have not taken this quiz